Lethal Company Moons by numbers v50 - Statistics

General Stats
  • This quiz has been taken 119 times
  • The average score is 4 of 13
Answer Stats
Hint Answer % Correct
Gordion 71
57%
Assurance 220
51%
Embrion 5
40%
Titan 8
37%
Experimentation 41
34%
Liquidation 44
31%
Artifice 68
31%
Offense 21
29%
March 61
29%
Adamance 20
26%
Vow 56
20%
Dine 7
11%
Rend 85
9%
No matching quizzes found
Score Distribution
Percent of People with Each Score
Percentile by Number Answered
Your Score History
You have not taken this quiz